[Event "Belt and Road Hunan Op A"]
[Site "Changsha CHN"]
[Date "2019.07.31"]
[Round "3.8"]
[White "Zhao, Zong-Yuan"]
[Black "Anton Guijarro, David"]
[Result "0-1"]
[WhiteTitle "GM"]
[BlackTitle "GM"]
[WhiteElo "2529"]
[BlackElo "2678"]
[WhiteFideId "3202534"]
[BlackFideId "2285525"]
[EventDate "2019.07.29"]

1. d4 Nf6 2. c4 e6 3. Nc3 d5 4. cxd5 exd5 5. Bg5 Be7 6. e3 c6 7. Bd3 Nbd7 8. Qc2
Nh5 9. Bxe7 Qxe7 10. O-O-O Nb6 11. Kb1 Be6 12. Nf3 g6 13. Rc1 Ng7 14. Na4 Nd7
15. Nc5 Nxc5 16. Qxc5 Bf5 17. Qxe7+ Kxe7 18. Kc2 f6 19. Kd2 Bxd3 20. Kxd3 Nf5
21. Nd2 a5 22. a4 Nd6 23. Rhe1 Kd7 24. e4 dxe4+ 25. Nxe4 Nxe4 26. Rxe4 Rhe8 27.
Rxe8 Rxe8 28. d5 cxd5 29. Rc5 b6 30. Rxd5+ Kc6 31. Rd4 Re1 32. g4 g5 33. Re4
Rd1+ 34. Kc2 Kd5 35. Re7 Rf1 36. Rxh7 Rxf2+ 37. Kc3 Rf3+ 38. Kc2 Rf4 39. Rb7 Kc5
40. Rc7+ Kd5 41. Rb7 Rxg4 42. Rxb6 f5 43. Rb5+ Ke4 44. b4 Rg2+ 45. Kb3 axb4 46.
h4 Rg3+ 47. Kb2 0-1

[Event "Belt and Road Hunan Op A"]
[Site "Changsha CHN"]
[Date "2019.07.31"]
[Round "3.11"]
[White "Chu, Wei Chao"]
[Black "Deac, Bogdan-Daniel"]
[Result "1/2-1/2"]
[WhiteTitle "IM"]
[BlackTitle "GM"]
[WhiteElo "2406"]
[BlackElo "2621"]
[WhiteFideId "8605661"]
[BlackFideId "1226380"]
[EventDate "2019.07.29"]

1. d4 Nf6 2. c4 e6 3. Nf3 d5 4. g3 Be7 5. Bg2 O-O 6. O-O Nbd7 7. Qc2 c6 8. Nbd2
b6 9. e4 dxc4 10. Nxc4 Bb7 11. Bf4 c5 12. Rfe1 cxd4 13. Nd6 d3 14. Qxd3 Bxd6 15.
Bxd6 Bxe4 16. Qd4 e5 17. Nxe5 Nxe5 18. Bxe4 Nxe4 19. Qxe4 Qxd6 20. Qxe5 Qxe5 21.
Rxe5 Rfe8 22. Rxe8+ Rxe8 23. Rc1 g6 24. Rc7 Re2 25. Rxa7 Rxb2 26. a4 b5 27. axb5 1/2-1/2

[Event "Belt and Road Hunan Op A"]
[Site "Changsha CHN"]
[Date "2019.07.31"]
[Round "3.15"]
[White "Bilguun, Sumiya"]
[Black "Najer, Evgeniy"]
[Result "1-0"]
[WhiteTitle "IM"]
[BlackTitle "GM"]
[WhiteElo "2482"]
[BlackElo "2678"]
[WhiteFideId "4901541"]
[BlackFideId "4118987"]
[EventDate "2019.07.29"]

1. e4 e5 2. Nf3 Nc6 3. Bc4 Bc5 4. O-O Nf6 5. d3 d6 6. c3 a5 7. a4 O-O 8. h3 Be6
9. Nbd2 Qc8 10. Re1 h6 11. b3 Nh5 12. Nh4 Nf4 13. Ndf3 Ba7 14. Bxf4 exf4 15. d4
Ne7 16. Nh2 d5 17. exd5 Nxd5 18. Bxd5 Bxd5 19. Qh5 Be6 20. Ng4 Re8 21. Nf5 Bxf5
22. Rxe8+ Qxe8 23. Qxf5 c5 24. dxc5 Rd8 25. b4 Bb8 26. Nh2 f3 27. g3 Bxg3 28.
Nxf3 Bc7 29. Re1 Qd7 30. Qxd7 Rxd7 31. Re8+ Kh7 32. b5 Rd3 33. Re3 Rd5 34. b6
Bf4 35. Re4 g5 36. Rc4 Rd1+ 37. Kg2 Rb1 38. Nd4 Kg7 39. Nb5 Rd1 40. Rd4 Re1 41.
Rd7 Re5 42. Nd4 Kf6 43. c6 bxc6 44. b7 Re7 45. Rxe7 Kxe7 46. Nxc6+ Kd7 47. b8=Q
Bxb8 48. Nxb8+ Kc7 49. Na6+ Kb6 50. Nb4 Kc5 51. Nc2 Kc4 52. Nd4 Kd5 1-0

[Event "Belt and Road Hunan Op A"]
[Site "Changsha CHN"]
[Date "2019.07.31"]
[Round "3.16"]
[White "Motylev, Alexander"]
[Black "Zhao, Yuanhe"]
[Result "1-0"]
[WhiteTitle "GM"]
[WhiteElo "2654"]
[BlackElo "2448"]
[WhiteFideId "4121830"]
[BlackFideId "8609497"]
[EventDate "2019.07.29"]

1. e4 e5 2. Nf3 Nf6 3. Nxe5 d6 4. Nf3 Nxe4 5. Nc3 Nxc3 6. dxc3 Be7 7. Be3 Nc6 8.
Qd2 Be6 9. O-O-O Qd7 10. Kb1 Bf6 11. h4 h6 12. Nd4 Nxd4 13. Bxd4 Bxd4 14. Qxd4
O-O 15. Be2 Qc6 16. Bf3 Qb6 17. Qd2 Rae8 18. g4 f6 19. Rhg1 Re7 20. b3 a5 21.
Rde1 Rff7 22. Re3 Kf8 23. Qd3 Bd7 24. Bd5 Rxe3 25. fxe3 Re7 26. Qh7 Be6 27. g5
fxg5 28. Qh8+ Kf7 29. Rf1+ Kg6 30. Qf8 Qb5 31. h5+ 1-0

[Event "Belt and Road Hunan Op A"]
[Site "Changsha CHN"]
[Date "2019.07.31"]
[Round "3.17"]
[White "Khademalsharieh, Sarasadat"]
[Black "Lupulescu, Constantin"]
[Result "1/2-1/2"]
[WhiteTitle "IM"]
[BlackTitle "GM"]
[WhiteElo "2481"]
[BlackElo "2649"]
[WhiteFideId "12512214"]
[BlackFideId "1207822"]
[EventDate "2019.07.29"]

1. d4 Nf6 2. c4 e6 3. Nf3 Bb4+ 4. Bd2 Qe7 5. Nc3 O-O 6. g3 d5 7. a3 Bxc3 8. Bxc3
Ne4 9. Qc2 c5 10. Bg2 Nxc3 11. Qxc3 cxd4 12. Qxd4 Nc6 13. Qc3 dxc4 14. O-O e5
15. Qxc4 Be6 16. Qc3 Bg4 17. Rac1 f5 18. h3 Bh5 19. Rfe1 Rad8 20. b4 a6 21. Nd2
e4 22. Qe3 Rd5 23. Nb3 Rfd8 24. f3 Bg6 25. fxe4 fxe4 26. Rf1 a5 27. Nxa5 Nxa5
28. bxa5 Rxa5 29. Qb3+ 1/2-1/2

[Event "Belt and Road Hunan Op A"]
[Site "Changsha CHN"]
[Date "2019.07.31"]
[Round "3.18"]
[White "Xu, Jun"]
[Black "Narayanan, S.L."]
[Result "0-1"]
[WhiteTitle "GM"]
[BlackTitle "GM"]
[WhiteElo "2477"]
[BlackElo "2616"]
[WhiteFideId "8600031"]
[BlackFideId "5058422"]
[EventDate "2019.07.29"]

1. d4 Nf6 2. c4 e6 3. Nf3 d5 4. g3 Bb4+ 5. Bd2 Bd6 6. Nc3 O-O 7. Bg5 Be7 8. Bg2
Nbd7 9. Qd3 h6 10. Bf4 c5 11. cxd5 Nxd5 12. Nxd5 exd5 13. b3 cxd4 14. O-O Nc5
15. Qxd4 Bf5 16. Be3 Be4 17. Qd2 a5 18. Bh3 Ne6 19. Nd4 Ng5 20. Bf5 Bb4 21. Qb2
Qf6 22. Bxg5 hxg5 23. Bxe4 dxe4 24. e3 Bc5 25. Rac1 b6 26. Rc2 Rad8 27. Ne2 Qf3
28. a3 Rd3 29. b4 axb4 30. axb4 Be7 31. Nd4 Qg4 32. Rc6 Bf6 33. Qe2 Qd7 34. Rfc1
Bxd4 35. exd4 Re8 36. Rxb6 Qxd4 37. Rbc6 Qxb4 38. Rc8 Rdd8 39. Rxd8 Rxd8 40. Rc4
Qb1+ 41. Kg2 Re8 42. Qe3 g4 43. Rd4 Qb6 44. h3 gxh3+ 45. Kxh3 Qc6 46. Kg2 Re6
47. Kg1 Re8 48. Kg2 g6 49. Kg1 Qb5 50. Kg2 Qf5 51. Rd1 g5 52. Rd4 Kg7 53. Rd1
Rh8 54. Kg1 f6 55. Qa7+ Kg6 0-1

[Event "Belt and Road Hunan Op A"]
[Site "Changsha CHN"]
[Date "2019.07.31"]
[Round "3.19"]
[White "Zhou, Jianchao"]
[Black "Raja, Harshit"]
[Result "1-0"]
[WhiteTitle "GM"]
[BlackTitle "IM"]
[WhiteElo "2608"]
[BlackElo "2434"]
[WhiteFideId "8603537"]
[BlackFideId "5089000"]
[EventDate "2019.07.29"]

1. d4 Nf6 2. c4 e6 3. Nf3 d5 4. Nc3 dxc4 5. e3 a6 6. Bxc4 c5 7. O-O b5 8. Bb3
Bb7 9. Qe2 Nbd7 10. Rd1 Qc7 11. e4 cxd4 12. Nxd4 Nc5 13. e5 Nfd7 14. Bf4 b4 15.
Na4 Be7 16. Rac1 Qa5 17. Nxc5 Nxc5 18. Qg4 O-O 19. Bh6 g6 20. Bxf8 Rxf8 21. Bc4
Rd8 22. Nf3 Rxd1+ 23. Rxd1 Qa4 24. Nd4 Kg7 25. Re1 Qd7 26. Qd1 Qc7 27. Qe2 Bh4
28. Nf3 Be7 29. Qd1 Qb6 30. Nd2 Qc6 31. Qf3 Qd7 32. Qe2 Qc6 33. Nf3 g5 34. h3 h6
35. h4 h5 36. Rd1 Na4 1-0

[Event "Belt and Road Hunan Op A"]
[Site "Changsha CHN"]
[Date "2019.07.31"]
[Round "3.20"]
[White "Ju, Wenjun"]
[Black "Gusain, Himal"]
[Result "1/2-1/2"]
[WhiteTitle "GM"]
[BlackTitle "IM"]
[WhiteElo "2595"]
[BlackElo "2407"]
[WhiteFideId "8603006"]
[BlackFideId "5033861"]
[EventDate "2019.07.29"]

1. d4 d5 2. c4 e6 3. Nf3 Nf6 4. g3 dxc4 5. Bg2 Bd7 6. O-O Bc6 7. Qc2 b5 8. Nc3
a6 9. e4 Be7 10. Rd1 O-O 11. d5 exd5 12. Nxd5 Bxd5 13. exd5 Nbd7 14. Nd4 Ne5 15.
b3 cxb3 16. axb3 Bd6 17. Bb2 Qd7 18. h3 h5 19. Nc6 Ng6 20. Bxf6 gxf6 21. Be4 Ne7
22. Qc3 f5 23. Bc2 Nxc6 24. dxc6 Qe6 25. Re1 Qh6 26. Bxf5 a5 27. Rxa5 Rxa5 28.
Qxa5 h4 29. Re4 Qc1+ 30. Kg2 hxg3 31. Qxb5 gxf2 32. Rg4+ Kh8 33. Rh4+ Kg7 34.
Qf1 Qxf1+ 35. Kxf1 Bc5 36. Rc4 Bb6 37. Rb4 Rb8 38. h4 Kf6 39. Bd7 Ke7 40. Re4+
Kd6 41. Re8 Rxe8 1/2-1/2

[Event "Belt and Road Hunan Op A"]
[Site "Changsha CHN"]
[Date "2019.07.31"]
[Round "3.21"]
[White "Xu, Xiangyu"]
[Black "Lin, Yi"]
[Result "1/2-1/2"]
[WhiteTitle "GM"]
[BlackTitle "IM"]
[WhiteElo "2585"]
[BlackElo "2406"]
[WhiteFideId "8608288"]
[BlackFideId "8609659"]
[EventDate "2019.07.29"]

1. Nf3 Nf6 2. c4 g6 3. Nc3 d5 4. cxd5 Nxd5 5. Qb3 Nb6 6. d4 Bg7 7. e4 Bg4 8.
Bb5+ c6 9. Ng5 O-O 10. Be2 Bxe2 11. Nxe2 c5 12. dxc5 N6d7 13. Qxb7 Qa5+ 14. Bd2
Qa6 15. Qxa6 Nxa6 16. c6 Ndc5 17. O-O Bxb2 18. Rab1 Bf6 19. Nf3 Nxe4 20. Be3
Rfc8 21. Rfc1 Rab8 22. Rxb8 Nxb8 23. c7 Na6 24. Rc6 Nxc7 25. Bxa7 Rd8 26. g4 Nd5
27. Rc4 Ra8 28. Rxe4 Rxa7 29. g5 Bg7 30. a4 f5 31. Rc4 Nb6 32. Rc6 Nxa4 33. Nf4 1/2-1/2

[Event "Belt and Road Hunan Op A"]
[Site "Changsha CHN"]
[Date "2019.07.31"]
[Round "3.22"]
[White "Wang, Chen"]
[Black "Lagno, Kateryna"]
[Result "1/2-1/2"]
[WhiteTitle "IM"]
[BlackTitle "GM"]
[WhiteElo "2476"]
[BlackElo "2549"]
[WhiteFideId "8601020"]
[BlackFideId "14109336"]
[EventDate "2019.07.29"]

1. e4 e5 2. Nf3 Nc6 3. Nc3 Nf6 4. d4 exd4 5. Nxd4 Bb4 6. Nxc6 bxc6 7. Bd3 d5 8.
exd5 cxd5 9. O-O O-O 10. Bg5 c6 11. Qf3 Bd6 12. Bxf6 Qxf6 13. Qxf6 gxf6 14. Ne2
c5 15. Ng3 Be6 16. Nf5 Bc7 17. c3 Rfe8 18. Rfe1 Rab8 19. Rab1 Bb6 20. Kf1 c4 21.
Bc2 Bc5 22. Red1 1/2-1/2

[Event "Belt and Road Hunan Op A"]
[Site "Changsha CHN"]
[Date "2019.07.31"]
[Round "3.24"]
[White "Yu, Ruiyuan"]
[Black "Yeoh, Li Tian"]
[Result "1-0"]
[WhiteTitle "GM"]
[BlackTitle "IM"]
[WhiteElo "2464"]
[BlackElo "2528"]
[WhiteFideId "8603090"]
[BlackFideId "5702895"]
[EventDate "2019.07.29"]

1. e4 c6 2. d4 d5 3. Nc3 dxe4 4. Nxe4 Bf5 5. Ng3 Bg6 6. h4 h6 7. Nf3 Nd7 8. h5
Bh7 9. Bd3 Bxd3 10. Qxd3 e6 11. Bd2 Ngf6 12. O-O-O Be7 13. Kb1 O-O 14. Ne4 Nxe4
15. Qxe4 Nf6 16. Qe2 Qd5 17. Be3 a5 18. Ne5 a4 19. f3 Rad8 20. g4 Nd7 21. c4 Qa5
22. Nd3 Nb6 23. Nc5 Bxc5 24. dxc5 Nc8 25. g5 Rxd1+ 26. Rxd1 Ne7 27. gxh6 Nf5 28.
Rg1 Kh7 29. hxg7 Nxg7 30. Bd4 Nf5 31. Qe5 Qd2 32. Rg7+ Kh6 33. Qf6+ Kxh5 34. Rg1
Ng3 35. Qe5+ Nf5 36. Qf6 Ng3 37. Qg7 Qd3+ 38. Ka1 Qxf3 39. Qxf8 1-0

[Event "Belt and Road Hunan Op A"]
[Site "Changsha CHN"]
[Date "2019.07.31"]
[Round "3.25"]
[White "Tan, Zhongyi"]
[Black "Zhao, Chenxi"]
[Result "1-0"]
[WhiteTitle "GM"]
[WhiteElo "2511"]
[BlackElo "2400"]
[WhiteFideId "8603642"]
[BlackFideId "8611513"]
[EventDate "2019.07.29"]

1. d4 Nf6 2. c4 c6 3. Nf3 d5 4. Nc3 dxc4 5. a4 Bg4 6. Ne5 Bh5 7. f3 Nbd7 8. Nxc4
e6 9. e4 Bb4 10. Be2 O-O 11. O-O Nb6 12. Ne3 a5 13. Nc2 Qc7 14. Be3 Rfd8 15. Qe1
Be7 16. Qf2 Bg6 17. Rfe1 Nbd7 18. Rad1 Qb6 19. Na1 Qxb2 20. Rb1 Qxc3 21. Rb3 Qb4
22. Rxb4 axb4 23. g4 Rxa4 24. g5 Ne8 25. Nb3 Ra3 26. Rb1 Nc7 27. Rb2 b6 28. Qg3
Ne8 29. Qg4 c5 30. h4 cxd4 31. Bxd4 f5 32. gxf6 Ndxf6 33. Qxe6+ Kf8 34. Qxb6 Nd7
35. Qc6 Bf7 36. Qc2 Bxh4 37. Nc5 Be7 38. Rxb4 Ra2 39. Rb2 Ra1+ 40. Kg2 Ndf6 41.
Be3 Ra3 42. Qc1 Nh5 43. Nb7 Rd7 44. Bc5 Ra8 45. Bxe7+ Rxe7 46. Qc5 Nf4+ 47. Kf2
Ne6 48. Qb4 Rb8 49. Qa3 h6 50. Bc4 N8c7 51. Nd6 Rxb2+ 52. Qxb2 Ne8 53. Qb8 Ng5
54. Bb5 Ne6 55. Kg3 Nc7 56. Ba4 Bg6 57. Nc8 Re6 58. Qb4+ Kg8 59. Bb3 Bf7 60.
Bxe6 Nxe6 61. f4 Nf6 62. f5 1-0

[Event "Belt and Road Hunan Op A"]
[Site "Changsha CHN"]
[Date "2019.07.31"]
[Round "3.26"]
[White "Wang, Yiye"]
[Black "Adhiban, Baskaran"]
[Result "1/2-1/2"]
[WhiteTitle "IM"]
[BlackTitle "GM"]
[WhiteElo "2440"]
[BlackElo "2665"]
[WhiteFideId "8606021"]
[BlackFideId "5018471"]
[EventDate "2019.07.29"]

1. Nf3 c5 2. g3 g6 3. Bg2 Bg7 4. O-O Nc6 5. c4 e5 6. Nc3 d6 7. d3 Nge7 8. Bg5 f6
9. Bd2 O-O 10. Ne1 Be6 11. Nc2 d5 12. cxd5 Nxd5 13. Nxd5 Bxd5 14. Bxd5+ Qxd5 15.
b4 cxb4 16. Nxb4 Nxb4 17. Bxb4 Rfd8 18. Qb3 a5 19. Bc5 Qxb3 20. axb3 Ra6 21.
Rfc1 b5 22. Be7 Rda8 23. Rc7 R6a7 24. Rxa7 Rxa7 25. Bc5 Ra8 26. Bb4 a4 27. bxa4
bxa4 28. Kf1 f5 29. Ra2 e4 30. dxe4 fxe4 31. Ba3 Rc8 32. Rd2 e3 33. Rd7 Ra8 34.
f4 Bf8 35. Rd3 Bxa3 36. Rxa3 Kf7 37. Kg2 Ke6 38. Kf3 Kd5 39. Kxe3 Kc4 40. Kf3
Kb4 41. Ra1 a3 42. e4 a2 43. e5 Kc3 44. g4 Kb2 45. Rxa2+ Kxa2 46. Ke4 Kb3 47.
Kd5 Ra5+ 48. Kd6 Ra6+ 49. Kd5 Ra5+ 50. Kd6 Kc4 51. e6 Ra6+ 52. Ke5 Ra5+ 53. Kd6 1/2-1/2

[Event "Belt and Road Hunan Op A"]
[Site "Changsha CHN"]
[Date "2019.07.31"]
[Round "3.27"]
[White "Xu, Zhihang"]
[Black "Zou, Chen"]
[Result "1-0"]
[WhiteTitle "IM"]
[BlackTitle "FM"]
[WhiteElo "2501"]
[BlackElo "2440"]
[WhiteFideId "8611572"]
[BlackFideId "8610959"]
[EventDate "2019.07.29"]

1. c4 Nf6 2. Nc3 e5 3. g3 d5 4. cxd5 Nxd5 5. Bg2 Nb6 6. e3 Nc6 7. Nge2 Be7 8.
O-O O-O 9. f4 Rb8 10. b3 Bg4 11. h3 Bf5 12. fxe5 Qd7 13. d4 Bxh3 14. e6 Bxe6 15.
d5 Nxd5 16. Nxd5 Bc5 17. Nef4 Ne5 18. Qc2 Bd6 19. Bb2 c6 20. Nc3 Qe7 21. Rae1
Rbd8 22. Be4 g6 23. Bg2 Bf5 24. Ne4 Rfe8 25. Qc1 Bxe4 26. Bxe4 Qg5 27. Kg2 h5
28. Nh3 Qe7 29. Qc2 Bb4 30. Re2 Ng4 31. Bxg6 Rd2 32. Bxf7+ Qxf7 33. Qxd2 Nxe3+
34. Rxe3 Bxd2 35. Rxf7 Rxe3 36. Rf3 Re1 37. Nf4 a5 38. Nxh5 Kh7 39. Rf1 Rxf1 40.
Kxf1 Kg6 41. Nf6 b5 42. Ne4 Bh6 43. g4 Bf8 44. Bd4 a4 45. bxa4 bxa4 46. Ke2 Kf7
47. Kd3 Ke6 48. Kc4 Be7 49. Nc5+ 1-0

[Event "Belt and Road Hunan Op A"]
[Site "Changsha CHN"]
[Date "2019.07.31"]
[Round "3.29"]
[White "Lou, Yiping"]
[Black "Batsiashvili, Nino"]
[Result "0-1"]
[WhiteTitle "IM"]
[BlackTitle "GM"]
[WhiteElo "2489"]
[BlackElo "2433"]
[WhiteFideId "8603928"]
[BlackFideId "13602993"]
[EventDate "2019.07.29"]

1. e4 e6 2. d4 d5 3. Nc3 Nf6 4. e5 Nfd7 5. f4 c5 6. Nf3 Nc6 7. Be3 Be7 8. Qd2
O-O 9. dxc5 Qa5 10. O-O-O b6 11. Bb5 Nb4 12. a3 bxc5 13. Kb1 Nb6 14. f5 exf5 15.
Qe2 Bb7 16. axb4 Qxb4 17. Bd2 Qg4 18. h3 Qg6 19. g4 d4 20. Na2 Bd5 21. b3 a5 22.
gxf5 Qxf5 23. Rhf1 Qc8 24. Rg1 g6 25. Bg5 Qb7 26. Nd2 a4 27. Bxe7 Qxe7 28. Nc4
axb3 29. cxb3 Rfb8 30. Nxb6 Rxb6 31. Bc4 Rxb3+ 32. Bxb3 Bxb3 33. Rd2 c4 34. Rb2
Qa3 35. Ka1 c3 36. Rxb3 Qxb3 37. Rb1 Qd5 38. e6 fxe6 39. Re1 d3 0-1

[Event "Belt and Road Hunan Op A"]
[Site "Changsha CHN"]
[Date "2019.07.31"]
[Round "3.30"]
[White "Xie, Jianjun"]
[Black "Fang, Yuxiang"]
[Result "1-0"]
[WhiteTitle "FM"]
[BlackTitle "GM"]
[WhiteElo "2417"]
[BlackElo "2476"]
[WhiteFideId "8600953"]
[BlackFideId "8605840"]
[EventDate "2019.07.29"]

1. e4 e5 2. Nf3 Nf6 3. Nxe5 d6 4. Nf3 Nxe4 5. Nc3 Nf6 6. d4 Be7 7. Bd3 O-O 8. h3
Nbd7 9. O-O Re8 10. Re1 b6 11. d5 Bb7 12. Bc4 Bf8 13. Be3 g6 14. Nd4 Ne4 15.
Nxe4 Rxe4 16. Bd3 Re8 17. c4 Bg7 18. Bc2 Qh4 19. Ba4 Re7 20. Bxd7 Rxd7 21. Qa4
Rdd8 22. Nf3 Qh5 23. Bg5 f6 24. Bd2 a6 25. Re7 b5 26. Qa5 Bf8 27. Rxc7 Bc8 28.
Qc3 Bd7 29. Qxf6 Bg7 30. Qe7 Bf8 31. Qg5 Rac8 32. Ra7 bxc4 33. Qxh5 gxh5 34. Bg5
Ra8 35. Rc7 Bg7 36. Bxd8 Rxd8 37. Rxc4 Bxb2 38. Rb1 Bb5 39. Rc7 Bf6 40. Rbc1 Bd7
41. R1c4 Bb2 1-0

[Event "Belt and Road Hunan Op A"]
[Site "Changsha CHN"]
[Date "2019.07.31"]
[Round "3.31"]
[White "Setyaki, Azarya Jodi"]
[Black "Peng, Xiongjian"]
[Result "0-1"]
[WhiteTitle "IM"]
[WhiteElo "2409"]
[BlackElo "2467"]
[WhiteFideId "7101589"]
[BlackFideId "8610550"]
[EventDate "2019.07.29"]

1. e4 c5 2. Nf3 d6 3. d4 cxd4 4. Nxd4 Nf6 5. Nc3 a6 6. f3 e5 7. Nb3 Be6 8. Be3
Be7 9. Qd2 O-O 10. O-O-O a5 11. a4 Na6 12. g4 Nb4 13. Kb1 Qc8 14. g5 Nh5 15. Bb5
f5 16. gxf6 Nxf6 17. Rhg1 d5 18. exd5 Nfxd5 19. Bh6 Rf7 20. Ne4 Kh8 21. Bg5 Bf8
22. Qg2 Qc7 23. Nc1 Nb6 24. Nd3 Rc8 25. Nxb4 axb4 26. b3 Nd5 27. Bc1 Bc5 28.
Nxc5 Nc3+ 29. Ka1 Qxc5 30. Rd2 Ra8 31. Qg5 Nxb5 32. Rd8+ Rxd8 33. Qxd8+ Rf8 34.
Qg5 Rg8 0-1

[Event "Belt and Road Hunan Op A"]
[Site "Changsha CHN"]
[Date "2019.07.31"]
[Round "3.32"]
[White "Gan-Erdene, Sugar"]
[Black "Taher, Yoseph Theolifus"]
[Result "1/2-1/2"]
[BlackTitle "IM"]
[WhiteElo "2408"]
[BlackElo "2460"]
[WhiteFideId "4902980"]
[BlackFideId "7105347"]
[EventDate "2019.07.29"]

1. e4 Nf6 2. e5 Nd5 3. d4 d6 4. c4 Nb6 5. exd6 cxd6 6. Nc3 g6 7. h3 Bg7 8. Nf3
O-O 9. Be2 Nc6 10. O-O e5 11. Bg5 f6 12. Be3 Kh8 13. c5 exd4 14. Nxd4 Nxd4 15.
Bxd4 dxc5 16. Bxc5 Re8 17. Bb5 Nd7 18. Nd5 Nxc5 19. Bxe8 Be6 20. Rc1 Bf8 21. Nf4
Qxd1 22. Rcxd1 Rxe8 23. Rfe1 a5 24. Rd5 Kg8 25. Nxe6 Nxe6 26. Rb5 Nd4 27. Rxe8
Nxb5 28. Ra8 Nd6 29. Rxa5 Kf7 30. Kf1 Ke6 31. Ke2 f5 32. Kd3 Bg7 33. b4 h5 1/2-1/2

[Event "Belt and Road Hunan Op A"]
[Site "Changsha CHN"]
[Date "2019.07.31"]
[Round "3.34"]
[White "Xiang, Zeyu"]
[Black "Lin, Weiguo"]
[Result "1/2-1/2"]
[WhiteTitle "IM"]
[BlackTitle "IM"]
[WhiteElo "2447"]
[BlackElo "2408"]
[WhiteFideId "8608547"]
[BlackFideId "8600058"]
[EventDate "2019.07.29"]

1. d4 d5 2. c4 c6 3. cxd5 cxd5 4. Bf4 Nc6 5. e3 Nf6 6. Nc3 e6 7. Bd3 Bd6 8. Nf3
Bxf4 9. exf4 O-O 10. O-O Qb6 11. Na4 Qc7 12. Ne5 Nxd4 13. Bxh7+ Nxh7 14. Qxd4 f6
15. Nd3 Rd8 16. Rac1 Qd6 17. Nc3 Nf8 18. Rfd1 Bd7 19. f5 Bc6 20. fxe6 Nxe6 21.
Qg4 d4 22. Ne4 Bxe4 23. Qxe4 Qd5 24. Re1 Qxe4 25. Rxe4 Rd6 26. Kf1 Rad8 27. Ke1
Kf7 28. Kd2 Rh8 29. h3 b6 30. Rc2 g5 31. Re1 Rg8 32. Rec1 Ke7 33. Rc8 Rdd8 34.
Rxd8 Rxd8 35. Rh1 Rh8 36. g3 Kf7 37. h4 gxh4 38. gxh4 Kg6 39. b4 Kf5 40. h5 Rh6
41. b5 Ng7 42. Rh4 Ne6 43. a4 Kg5 44. Re4 Kf5 45. Re1 Rh7 46. Rh1 Ng5 47. h6
Ne4+ 48. Ke2 Re7 49. Kf3 Ng5+ 50. Kg3 Rc7 51. Rh4 Ne4+ 52. Kg2 Ng5 53. Rxd4 Rh7
54. Nb4 Rxh6 55. Nc6 Rh7 56. Kf1 Nf3 57. Rd6 Ne5 58. Nd4+ Ke4 59. Ne2 Nd7 60.
Rc6 f5 61. Ng3+ Kf3 62. Rc3+ Kg4 63. Kg2 Nc5 64. a5 Rd7 65. Ne2 f4 66. Rc4 Ne6
67. a6 Rd2 68. Nc3 Nd4 69. Ne4 Rd1 70. Rb4 Kf5 71. Nd6+ Kg4 72. Nc4 Kf5 73. Nxb6
axb6 74. a7 Ra1 75. Rxd4 Rxa7 76. Rd6 Ra3 77. Rxb6 Rb3 78. Rb8 Ke6 79. b6 Kd7
80. b7 Kc6 81. f3 Kc7 82. Rf8 Kxb7 83. Rxf4 Kc7 84. Rd4 Rb8 85. f4 Rd8 86. Re4
Kd7 87. Kf3 Re8 88. Ra4 Ke7 89. Kg4 Rb8 90. Ra7+ Kf6 91. Ra6+ Kf7 92. Kg5 Rb1
93. Ra7+ Kf8 94. f5 Rb6 95. f6 1/2-1/2

[Event "Belt and Road Hunan Op A"]
[Site "Changsha CHN"]
[Date "2019.07.31"]
[Round "3.35"]
[White "Xu, Minghui"]
[Black "Li, Shilong"]
[Result "1-0"]
[BlackTitle "GM"]
[WhiteElo "2401"]
[BlackElo "2457"]
[WhiteFideId "8606790"]
[BlackFideId "8600678"]
[EventDate "2019.07.29"]

1. d4 Nf6 2. c4 c5 3. d5 g6 4. Nc3 Bg7 5. e4 d6 6. Nf3 O-O 7. Bd3 e6 8. O-O exd5
9. exd5 Bg4 10. h3 Bxf3 11. Qxf3 Nbd7 12. Qd1 Ne5 13. Be2 Ne8 14. f4 Nd7 15. Qd3
f5 16. Bd2 Nc7 17. Rae1 Qf6 18. b3 a6 19. Bf3 b5 20. Ne2 b4 21. g4 Rae8 22. Ng3
fxg4 23. hxg4 Rxe1 24. Rxe1 Qb2 25. g5 Bd4+ 26. Kh1 Bf2 27. Rb1 Ne5 28. fxe5
Rxf3 29. Rxb2 Rxd3 30. Ne4 Bd4 31. exd6 1-0

[Event "Belt and Road Hunan Op A"]
[Site "Changsha CHN"]
[Date "2019.08.01"]
[Round "4.4"]
[White "Nguyen, Ngoc Truong Son"]
[Black "Vallejo Pons, Francisco"]
[Result "1/2-1/2"]
[WhiteTitle "GM"]
[BlackTitle "GM"]
[WhiteElo "2636"]
[BlackElo "2687"]
[WhiteFideId "12401110"]
[BlackFideId "2205530"]
[EventDate "2019.07.29"]

1. e4 c5 2. Nf3 d6 3. d4 cxd4 4. Qxd4 Nc6 5. Bb5 a6 6. Bxc6+ bxc6 7. O-O e5 8.
Qd3 Nf6 9. c4 Bg4 10. Nc3 Nd7 11. Na4 Be7 12. b3 O-O 13. Ba3 c5 14. Nc3 Nb8 15.
b4 Nc6 16. bxc5 dxc5 17. Qxd8 Rfxd8 18. Nd5 Bf8 19. Nd2 Rab8 20. f3 Be6 1/2-1/2

[Event "Belt and Road Hunan Op A"]
[Site "Changsha CHN"]
[Date "2019.08.01"]
[Round "4.7"]
[White "Batchuluun, Tsegmed"]
[Black "Motylev, Alexander"]
[Result "1/2-1/2"]
[WhiteTitle "GM"]
[BlackTitle "GM"]
[WhiteElo "2535"]
[BlackElo "2654"]
[WhiteFideId "4900847"]
[BlackFideId "4121830"]
[EventDate "2019.07.29"]

1. d4 Nf6 2. c4 e6 3. Nf3 d5 4. g3 Bb4+ 5. Bd2 Be7 6. Bg2 O-O 7. O-O c6 8. Qc2
Nbd7 9. Bf4 a5 10. a3 Nh5 11. Bd2 Nhf6 12. Bf4 Nh5 13. Bd2 Nhf6 14. Bf4 Nh5 15.
Bd2 1/2-1/2

[Event "Belt and Road Hunan Op A"]
[Site "Changsha CHN"]
[Date "2019.08.01"]
[Round "4.8"]
[White "Parligras, Mircea-Emilian"]
[Black "Li, Di"]
[Result "1/2-1/2"]
[WhiteTitle "GM"]
[BlackTitle "GM"]
[WhiteElo "2638"]
[BlackElo "2523"]
[WhiteFideId "1204297"]
[BlackFideId "8607508"]
[EventDate "2019.07.29"]

1. e4 e5 2. Nf3 Nc6 3. Bc4 Bc5 4. c3 Nf6 5. d3 O-O 6. O-O d6 7. h3 h6 8. Re1 a5
9. Nbd2 Be6 10. Bb5 Qb8 11. Nf1 Qa7 12. Re2 a4 13. Ng3 Qa5 14. Bxc6 bxc6 15. d4
Bb6 16. Be3 Rfe8 17. Qc1 Kh7 18. Qc2 Kg8 19. dxe5 dxe5 20. c4 Nd7 21. Rc1 Bc5
22. Bxc5 Qxc5 23. Rd2 Reb8 24. Nf1 Rb4 25. Ne3 Rab8 26. Qc3 Nf6 27. Qxe5 Qxe5
28. Nxe5 Rxb2 29. Rdc2 Nxe4 30. Nxc6 Rxc2 31. Rxc2 Rb1+ 32. Kh2 Kf8 33. f3 Nd6
34. Kg3 Bd7 35. Ne5 Be6 36. Nc6 Bd7 37. Ne5 Be6 1/2-1/2